书目信息 |
| 题名: |
建筑遮阳与节能
|
|
| 作者: | 李峥嵘 , 赵群 , 展磊 编著 | |
| 分册: | ||
| 出版信息: | 北京 中国建筑工业出版社 2009.05 |
|
| 页数: | 89页 | |
| 开本: | 26cm | |
| 丛书名: | ||
| 单 册: | ||
| 中图分类: | TU111.4 | |
| 科图分类: | ||
| 主题词: | 遮阳板--zhe yang ban--建筑热工--节能 | |
| 电子资源: | ||
| ISBN: | 978-7-112-10693-6 | |
| 000 | 00954nam0 2200253 450 | |
| 001 | 012009978781 | |
| 005 | 20091006114023.26 | |
| 010 | @a978-7-112-10693-6@dCNY30.00 | |
| 100 | @a20091006d2009 em y0chiy0120 ea | |
| 101 | 0 | @achi |
| 102 | @aCN@b110000 | |
| 105 | @aa z 000yy | |
| 106 | @ar | |
| 200 | 1 | @a建筑遮阳与节能@Ajian zhu zhe yang yu jie neng@f李峥嵘, 赵群, 展磊编著@Fli zheng rong,zhao qun,zhan lei bian zhu |
| 210 | @a北京@c中国建筑工业出版社@d2009.05 | |
| 215 | @a89页@c图@d26cm | |
| 330 | @a本书回顾了建筑遮阳的发展,概述了建筑遮阳对建筑室内环境与建筑节能的贡献,介绍了建筑遮阳的表现艺术及遮阳应用中的关键问题;详细介绍了常见的建筑遮阳设施,分析了建筑遮阳设施节能问题。 | |
| 606 | 0 | @a遮阳板@Azhe yang ban@x建筑热工@x节能 |
| 690 | @aTU111.4@v4 | |
| 701 | 0 | @a李峥嵘@Ali zheng rong@4编著 |
| 701 | 0 | @a赵群@Azhao qun@4编著 |
| 701 | 0 | @a展磊@Azhan lei@4编著 |
| 801 | 0 | @aCN@bQSSK@c20091006 |
| 905 | @b760427-31@dTU111.4@eL335@f5 | |
| 建筑遮阳与节能/李峥嵘, 赵群, 展磊编著.-北京:中国建筑工业出版社,2009.05 |
| 89页:图;26cm |
| ISBN 978-7-112-10693-6:CNY30.00 |
| 本书回顾了建筑遮阳的发展,概述了建筑遮阳对建筑室内环境与建筑节能的贡献,介绍了建筑遮阳的表现艺术及遮阳应用中的关键问题;详细介绍了常见的建筑遮阳设施,分析了建筑遮阳设施节能问题。 |
| ● |
| 相关链接 |
|
|
|
正题名:建筑遮阳与节能
索取号:TU111.4/L335
 
预约/预借
| 序号 | 登录号 | 条形码 | 馆藏地/架位号 | 状态 | 备注 |
| 1 | 760427 | 207604270 | 建筑库101/101建筑库 24排3列2层/ [索取号:TU111.4/L335] | 在馆 | |
| 2 | 760428 | 207604289 | 建筑库101/101建筑库 24排3列2层/ [索取号:TU111.4/L335] | 在馆 | |
| 3 | 760429 | 207604298 | 建筑库101/101建筑库 24排3列2层/ [索取号:TU111.4/L335] | 在馆 | |
| 4 | 760430 | 207604305 | 建筑库101/101建筑库 24排3列2层/ [索取号:TU111.4/L335] | 在馆 | |
| 5 | 760431 | 207604314 | 建筑库101/101建筑库 24排3列2层/ [索取号:TU111.4/L335] | 在馆 |